Iniciação à História da Arte (Record no. 155842)

MARC details
000 -LÍDER
campo de controle de tamanho fixo 00355 a2200145 4500
001 - NÚMERO DE CONTROLE
campo de controle 155842
040 ## - FONTE DA CATALOGAÇÃO
Instituição que transcreveu o registro Escola São Tomás de Aquino
100 ## - ENTRADA PRINCIPAL--NOME PESSOAL
Nome pessoal JANSON, H.W
240 10 - TÍTULO UNIFORME
Título uniforme Iniciação à História da Arte
Idioma da obra por
245 10 - TÍTULO
Título Iniciação à História da Arte
300 ## - DESCRIÇÃO FÍSICA
Extensão 475
362 0# - DATAS DE PUBLICAÇÃO E/OU DESIGNAÇÃO SEQUENCIAL
Datas de publicação e/ou designação sequencial 1996
697 ## - ENTRADA DE ASSUNTO LOCAL--ENTIDADE COLETIVA (RLIN)
Nome corporativo ou nome da jurisdição História da arte / Museus
942 ## - ELEMENTOS DE ENTRADA ADICIONADOS (KOHA)
Tipo de material Koha Livros
Holdings
Situação do descarte Situação das perdas Situação física Não pode ser emprestado Biblioteca de origem Biblioteca atual Data de aquisição Total de empréstimos Número de chamada completo Código de barras Data de último acesso Data do preço efetivo Tipo de material Koha
        ESTA - SÃO BENTO ESTA - SÃO BENTO 30/04/2024   709 JAN INI EST00009930 30/04/2024 30/04/2024 Livros